=LDR 00000nam 2200000 4500 =001 INLIS000000000035185 =005 20130612141048 =008 ***********************************ind** =035 ##$$0010-061300000035185 =041 ##$$a ind =082 ##$$a 410.7 =090 ##$$a 410.7, Som a =100 ##$$a Somad, Adi Abdul =245 ##$$a Aktig kreatif berbahasa indonesia untuk SMA/MA, Adi abdul somad, Aminudin, Yudi Irawan =260 ##$$a 2008 $b Jakarta =300 ##$$a Jil, Ilus, 30 cm =650 ##$$a Bahasa Indonesia Studi dan Pengajaran =700 ##$$a Aminudin =850 ##$$a NBPNMAT